000 00205 a2200097 4500
001 41070
100 _aThompson
245 _aLeather Craft
260 _aLondon
_bMacmillan & Co.
_c
090 _c25301
_d25301
942 _aNUST-CAE
_cM
_c17005
999 _c276143
_d276143